000 00791nam a2200229 a 4500
001 478
003 BR-CuiBMT
005 20231129053113.0
008 231107s2010 rsb 001 0 por d
020 _a9788573486889
040 _aBR-CuiBMT
_cBR-CuiBMT
080 _22007
_a342.8
090 _a342.8
_bM623d
_c7. ed.
100 1 _aMichels, Vera Maria Nunes
245 1 0 _aDireito eleitoral :
_batualizado com a reforma eleitoral da Lei 12.034/09, que modificou a lei eleitoral, a lei dos partidos políticos e o Código eleitoral /
_cVera Maria Nunes Michels.
250 _a7. ed., rev. e atual.
260 _aPorto Alegre :
_bLivraria do advogado,
_c2010.
300 _a280 p. ;
_c23 cm
504 _aInclui bibliografia e índice.
650 _aDireito eleitoral
_zBrasil
942 _2udc
_cLV
999 _c478
_d478